000 00303 a2200145 4500
001 169854
020 _a
040 _cMagnum
100 _aSchultz, J.h.
240 1 0 _aEl entrenamiento autogeno
_lESP
245 1 0 _aEl entrenamiento autogeno
362 0 _a1899
697 _aPSICOLOGIA
942 _cBK
999 _c169854
_d169854